Sports Quiz

Random Sports Quiz
Score 0/18 Timer 10:00
0 Plays Today
Flag & Entries Driver % Correct
๐Ÿ‡ฒ๐Ÿ‡ฝ (173)Sergio Perez
98.3%
๐Ÿ‡ฉ๐Ÿ‡ช (173)Nico Hulkenberg
96.7%
๐Ÿ‡ณ๐Ÿ‡ฑ (107)Jos Verstappen
95%
๐Ÿ‡ซ๐Ÿ‡ท (160)Romain Grosjean
95%
๐Ÿ‡ซ๐Ÿ‡ฎ (111)Mika Salo
91.7%
๐Ÿ‡ฉ๐Ÿ‡ช (185)Nick Heidfeld
91.7%
๐Ÿ‡ช๐Ÿ‡ธ (107)Pedro de la Rosa
90%
๐Ÿ‡ฌ๐Ÿ‡ง (165)Martin Brundle
86.7%
๐Ÿ‡ฉ๐Ÿ‡ช (128)Adrian Sutil
86.7%
Flag & Entries Driver % Correct
๐Ÿ‡ฎ๐Ÿ‡น (214)Andrea de Cesaris
80%
๐Ÿ‡ณ๐Ÿ‡ฟ (108)Chris Amon
75%
๐Ÿ‡บ๐Ÿ‡ธ (143)Eddie Cheever
75%
๐Ÿ‡ธ๐Ÿ‡ช (103)Stefan Johansson
73.3%
๐Ÿ‡ซ๐Ÿ‡ท (143)Jean-Pierre Jarier
70%
๐Ÿ‡ฎ๐Ÿ‡น (124)Pierluigi Martini
65%
๐Ÿ‡ฌ๐Ÿ‡ง (162)Derek Warwick
63.3%
๐Ÿ‡ซ๐Ÿ‡ท (116)Philippe Alliot
55%
๐Ÿ‡ฎ๐Ÿ‡น (111)Piercarlo Ghinzani
36.7%
Remove Ads.
Support Sporcle.
Get the best of Sporcle when you Go Orange. This ad-free experience offers more features, more stats, and more fun while also helping to support Sporcle. Thank you for becoming a member.

You're not logged in!

Compare scores with friends on all Sporcle quizzes.
OR
Log In

Show Comments

Extras

Created Sep 27, 2019ReportNominate
Tags:100, Classified, Driver, Entry, race, Win, Won

Top Quizzes Today


Score Distribution

Your Account Isn't Verified!

In order to create a playlist on Sporcle, you need to verify the email address you used during registration. Go to your Sporcle Settings to finish the process.

Report this User

Report this user for behavior that violates our Community Guidelines.

Details: